Biotechnology, immunology, biotechniques and biostatistics (Record no. 396795)
[ view plain ]
| 000 -LEADER | |
|---|---|
| fixed length control field | 00519 a2200205 4500 |
| 005 - DATE & TIME | |
| control field | 20260226122708.0 |
| 008 - FIXED-LENGTH DATA ELEMENTS--GENERAL INFORMATION | |
| fixed length control field | 260226b |||||||| |||| 00| 0 eng d |
| 020 ## - ISBN | |
| International Standard Book Number | 9789393168429 |
| Price | Rs. 595.00 |
| 040 ## - CATALOGING SOURCE | |
| Original cataloging agency | VIVEKANANDA LIBRARY |
| 082 ## - DDC NUMBER | |
| Classification number | 570 |
| Book Number | G959B |
| 100 ## - MAIN ENTRY--PERSONAL NAME | |
| Personal name | Gupta, P K |
| 245 ## - TITLE STATEMENT | |
| Title | Biotechnology, immunology, biotechniques and biostatistics |
| 260 ## - PUBLICATION, DISTRIBUTION, ETC. (IMPRINT) | |
| Name of publisher, distributor, etc | MedTech Science Press |
| 300 ## - PHYSICAL DESCRIPTION | |
| Pages | 405 |
| 650 ## - Subject | |
| Subject | Biology |
| 650 ## - Subject | |
| Subject | Biotechnology |
| 650 ## - Subject | |
| Subject | Immunology |
| 650 ## - Subject | |
| Subject | Biostatistics |
| 942 ## - ADDED ENTRY ELEMENTS (KOHA) | |
| Koha item type | Books |
| Withdrawn status | Lost status | Source of classification or shelving scheme | Damaged status | Not for loan | Location (home branch) | Sublocation or collection (holding branch) | Shelving location | Date acquired | Koha issues (times borrowed) | Koha full call number | Accession No. | Koha date last seen | Koha item type |
|---|---|---|---|---|---|---|---|---|---|---|---|---|---|
| Dewey Decimal Classification | VIVEKANANDA LIBRARY | VIVEKANANDA LIBRARY | Vivekananda Library | 18/02/2026 | 570 G959B | 438435 | 18/02/2026 | Books | |||||
| Dewey Decimal Classification | VIVEKANANDA LIBRARY | VIVEKANANDA LIBRARY | Vivekananda Library | 18/02/2026 | 570 G959B | 438437 | 18/02/2026 | Books | |||||
| Dewey Decimal Classification | VIVEKANANDA LIBRARY | VIVEKANANDA LIBRARY | Vivekananda Library | 18/02/2026 | 570 G959B | 438436 | 18/02/2026 | Books |
